[Event "2nd Yerevan Open"]
[Site "?"]
[Date "2017.09.19"]
[Round "1.1"]
[White "Pluzyan, Aram"]
[Black "Melkumyan, Hrant"]
[Result "0-1"]
[WhiteElo "2079"]
[BlackElo "2642"]
[PlyCount "98"]
[EventDate "2017.??.??"]
[TimeControl "6000+820"]
[WhiteClock "0:00:59"]
[BlackClock "0:23:20"]

1. Nf3 d5 2. g3 Nd7 3. Bg2 e5 4. d3 Ngf6 5. O-O Bd6 6. c4 c6 7. a3 O-O 8. b4
Re8 9. Nc3 d4 10. Ne4 Nxe4 11. dxe4 a5 12. Bg5 Be7 13. Bd2 Qc7 14. Qc2 Nf8 15.
Rfb1 Bg4 16. Bf1 Ne6 17. Ne1 Ra7 18. Nd3 Rea8 19. f3 Bh5 20. bxa5 Nc5 21. g4
Bg6 22. Bb4 Nxd3 23. exd3 h5 24. h3 Qd8 25. Qh2 Bd6 26. Rb3 Qf6 27. Qg3 Be7 28.
Rab1 Bd8 29. Bg2 h4 30. Qf2 Bxa5 31. Bxa5 Rxa5 32. Rxb7 Rxa3 33. Rb8+ Rxb8 34.
Rxb8+ Kh7 35. Qd2 Qe7 36. Bf1 Ra1 37. Qb2 Qa7 38. Qb6 Qa4 39. Qb3 Qxb3 40. Rxb3
Ra2 41. Rb6 Kh6 42. f4 exf4 43. Rxc6 f6 44. Rd6 f3 45. Rxd4 Kg5 46. c5 Kf4 47.
e5+ Kg3 48. g5 f5 49. e6 f2+ 0-1

[Event "2nd Yerevan Open"]
[Site "?"]
[Date "2017.09.19"]
[Round "1.2"]
[White "Onischuk, Vladimir"]
[Black "Yeritsyan, Hayk"]
[Result "1-0"]
[WhiteElo "2638"]
[BlackElo "2078"]
[PlyCount "59"]
[EventDate "2017.??.??"]
[TimeControl "6000+720"]
[WhiteClock "0:18:14"]
[BlackClock "0:15:10"]

1. e4 e5 2. Nf3 Nc6 3. Bc4 Bc5 4. d3 Nf6 5. O-O O-O 6. Nbd2 a6 7. Bb3 d6 8. c3
Ba7 9. h3 Ne7 10. Re1 Ng6 11. Nf1 Nh5 12. d4 Nhf4 13. Ng3 Qf6 14. Nh5 Qe7 15.
Bxf4 Nxf4 16. Nxf4 exf4 17. e5 dxe5 18. Nxe5 Be6 19. Qf3 Qd6 20. Qxb7 Bb6 21.
Bxe6 Qxe6 22. Qf3 g5 23. Nc6 Qd6 24. Re5 f6 25. Re7 Rae8 26. Rae1 Rxe7 27. Rxe7
Rf7 28. Re8+ Kg7 29. b4 Qd7 30. Qe4 1-0

[Event "2nd Yerevan Open"]
[Site "?"]
[Date "2017.09.19"]
[Round "1.3"]
[White "Tavoosi Rad, Ramtin"]
[Black "Petrosian, Tigran L"]
[Result "0-1"]
[WhiteElo "2070"]
[BlackElo "2615"]
[PlyCount "74"]
[EventDate "2017.??.??"]
[TimeControl "6000+1375"]
[WhiteClock "0:00:42"]
[BlackClock "0:25:36"]

1. c4 e5 2. Nc3 Nc6 3. g3 Bb4 4. Bg2 Bxc3 5. bxc3 d6 6. d3 f5 7. Nf3 h6 8. O-O
Nf6 9. Ne1 O-O 10. f4 e4 11. Nc2 Kh8 12. Ne3 Na5 13. Ba3 c5 14. Qd2 b6 15. Rad1
Re8 16. h3 Rb8 17. Rfe1 Qd7 18. Bc1 Bb7 19. Kh2 Rbd8 20. Rf1 Qe6 21. Qe1 Qf7
22. Qf2 Qh5 23. Kg1 Rd7 24. Rfe1 Rde7 25. Bd2 Bc6 26. Rb1 Nb7 27. d4 Na5 28. d5
Bb7 29. Rb5 Ba6 30. Rc1 Nxc4 31. Nxc4 Bxb5 32. Nxd6 e3 33. Bxe3 Rxe3 34. Nxb5
Rxe2 35. Qf3 Qg6 36. d6 R8e3 37. Qa8+ Kh7 0-1

[Event "2nd Yerevan Open"]
[Site "?"]
[Date "2017.09.19"]
[Round "1.4"]
[White "Hovhannisyan, Robert"]
[Black "Melkonyan, Arshak"]
[Result "1-0"]
[WhiteElo "2594"]
[BlackElo "2064"]
[PlyCount "63"]
[EventDate "2017.??.??"]
[TimeControl "6000+835"]
[WhiteClock "0:55:13"]
[BlackClock "0:11:50"]

1. c4 c6 2. e4 d5 3. exd5 cxd5 4. d4 Nf6 5. Nc3 e6 6. Nf3 Be7 7. cxd5 Nxd5 8.
Bd3 Nc6 9. O-O O-O 10. Re1 Bf6 11. Be4 Nde7 12. Be3 Nd5 13. Qd3 h6 14. Rad1 b6
15. Qd2 Nxe3 16. Qxe3 Bb7 17. d5 exd5 18. Bxd5 Re8 19. Ne4 Qe7 20. Nd6 Qxd6 21.
Qxe8+ Rxe8 22. Rxe8+ Qf8 23. Rxf8+ Kxf8 24. b4 Ke7 25. b5 Nd8 26. Bxb7 Nxb7 27.
Nd4 Bxd4 28. Rxd4 Nc5 29. g3 g5 30. Kg2 f5 31. Rd5 Ke6 32. Rd8 1-0

[Event "2nd Yerevan Open"]
[Site "?"]
[Date "2017.09.19"]
[Round "1.5"]
[White "Shahzamani, Arman"]
[Black "Andriasian, Zaven"]
[Result "0-1"]
[WhiteElo "2064"]
[BlackElo "2593"]
[PlyCount "58"]
[EventDate "2017.??.??"]
[TimeControl "6000+995"]
[WhiteClock "0:09:36"]
[BlackClock "0:30:45"]

1. e4 c5 2. d4 cxd4 3. c3 d3 4. Bxd3 Nc6 5. Nf3 d6 6. h3 g6 7. O-O Bg7 8. Bf4
Nf6 9. Nbd2 O-O 10. a4 b6 11. Qe2 Bb7 12. Rad1 Nd7 13. Rfe1 Qc7 14. Nc4 Nc5 15.
Bc2 Ba6 16. b4 Ne6 17. Bg3 Nxb4 18. cxb4 Bxc4 19. Qe3 a5 20. Rc1 axb4 21. Nd2
Bc3 22. e5 d5 23. Qh6 Rfc8 24. h4 Qd8 25. Red1 Be2 26. Re1 Ba6 27. Rcd1 Qf8 28.
Qe3 Bd4 29. Qb3 Rc3 0-1

[Event "2nd Yerevan Open"]
[Site "?"]
[Date "2017.09.19"]
[Round "1.6"]
[White "Pashikian, Arman"]
[Black "Gesyan, Suren"]
[Result "1-0"]
[WhiteElo "2592"]
[BlackElo "2063"]
[PlyCount "63"]
[EventDate "2017.??.??"]
[TimeControl "6000+900"]
[WhiteClock "0:29:48"]
[BlackClock "0:04:35"]

1. d4 d5 2. Nf3 Nf6 3. c4 e6 4. g3 Be7 5. Bg2 O-O 6. Qc2 dxc4 7. Qxc4 Bd7 8.
Ne5 Bc6 9. Nxc6 Nxc6 10. e3 Nd5 11. Nc3 Nxc3 12. bxc3 Na5 13. Qe2 c5 14. O-O
Rc8 15. d5 exd5 16. Rd1 Bf6 17. Bxd5 Bxc3 18. Bxf7+ Rxf7 19. Rxd8+ Rxd8 20. Rb1
b6 21. Bb2 Rd2 22. Qb5 Bxb2 23. Rxb2 Rxb2 24. Qxb2 Kf8 25. Qe5 Rd7 26. Qf5+ Ke8
27. Qxh7 Kd8 28. h4 c4 29. h5 Kc8 30. g4 Rc7 31. g5 c3 32. Qc2 1-0

[Event "2nd Yerevan Open"]
[Site "?"]
[Date "2017.09.19"]
[Round "1.7"]
[White "Yeremyan, Alen"]
[Black "Rozum, Ivan"]
[Result "0-1"]
[WhiteElo "2060"]
[BlackElo "2590"]
[PlyCount "70"]
[EventDate "2017.??.??"]
[TimeControl "6000+500"]
[WhiteClock "0:07:47"]
[BlackClock "0:55:49"]

1. e4 c5 2. Nf3 e6 3. Nc3 a6 4. d4 cxd4 5. Nxd4 Qc7 6. Qg4 Nc6 7. Nxc6 bxc6 8.
Qg3 Qxg3 9. hxg3 d5 10. Bd3 Nf6 11. Bg5 Bc5 12. f3 a5 13. g4 Nd7 14. O-O-O Ne5
15. exd5 Nxd3+ 16. Rxd3 cxd5 17. Nb5 O-O 18. Rc3 Bb4 19. Rc7 Ba6 20. Nd4 Rfc8
21. Rxc8+ Rxc8 22. Bd2 e5 23. Bxb4 axb4 24. Nf5 Rc5 25. Kd2 g6 26. Nh6+ Kg7 27.
g5 Bc8 28. Rh4 d4 29. Rh1 Ra5 30. Re1 f6 31. gxf6+ Kxf6 32. g4 Be6 33. Kd3 Kg5
34. Rh1 Bd5 35. Rh2 Rxa2 0-1

[Event "2nd Yerevan Open"]
[Site "?"]
[Date "2017.09.19"]
[Round "1.8"]
[White "Aleksandrov, Aleksej"]
[Black "Ziroyan, David"]
[Result "1-0"]
[WhiteElo "2580"]
[BlackElo "2055"]
[PlyCount "79"]
[EventDate "2017.??.??"]
[TimeControl "6000+915"]
[WhiteClock "1:23:06"]
[BlackClock "0:09:54"]

1. d4 Nf6 2. c4 c5 3. d5 b5 4. cxb5 a6 5. bxa6 Bxa6 6. g3 d6 7. Bg2 g6 8. b3
Bg7 9. Bb2 O-O 10. Nh3 Qb6 11. O-O Nbd7 12. Bc3 Ra7 13. Nd2 Ne8 14. Qc2 Bxe2
15. Rfe1 Bg4 16. Rxe7 Bf5 17. Qb2 Ne5 18. Rxa7 Nd3 19. Nc4 Qxa7 20. Qd2 Bxc3
21. Qxc3 Nb4 22. Ne3 Bxh3 23. Bxh3 f5 24. a3 Na6 25. b4 Nf6 26. b5 Nc7 27. a4
Ne4 28. Qb2 f4 29. b6 Qb7 30. gxf4 Rxf4 31. a5 Ng5 32. Bg2 Na6 33. Qb5 Qg7 34.
Rf1 Rh4 35. Qxa6 Qe5 36. Qc8+ Kg7 37. Qd7+ Kg8 38. Ng4 Rxg4 39. Qxg4 Qe7 40. b7
1-0

[Event "2nd Yerevan Open"]
[Site "?"]
[Date "2017.09.19"]
[Round "1.9"]
[White "Sargsyan, Anna M"]
[Black "Ter-Sahakyan, Samvel"]
[Result "0-1"]
[WhiteElo "2047"]
[BlackElo "2577"]
[PlyCount "84"]
[EventDate "2017.??.??"]
[TimeControl "6000+955"]
[WhiteClock "0:28:41"]
[BlackClock "0:26:12"]

1. d4 f5 2. c4 Nf6 3. g3 e6 4. Bg2 c6 5. Nf3 d5 6. O-O Bd6 7. b3 Qe7 8. a4 a5
9. Ba3 Bxa3 10. Nxa3 O-O 11. Nc2 b6 12. Nce1 Bb7 13. Nd3 Na6 14. Nfe5 Rac8 15.
e3 Rfd8 16. Qe2 c5 17. Rfd1 Ne4 18. Qb2 dxc4 19. Nxc4 cxd4 20. Nxb6 Rb8 21.
exd4 Nxf2 22. Qxf2 Bxg2 23. Nc4 Be4 24. Nde5 Rxb3 25. Nxa5 Rc3 26. Rac1 Rxc1
27. Rxc1 Qa3 28. Re1 Rf8 29. Nac6 Qd6 30. Rc1 Nb4 31. Nxb4 Qxb4 32. Nd7 Rd8 33.
Nc5 Bd5 34. Re1 h6 35. Qe3 Rd6 36. Rf1 Rb6 37. Nd7 Qb2 38. Qf2 Qxf2+ 39. Kxf2
Rb2+ 40. Ke3 Rxh2 41. Rb1 Rg2 42. Kf4 Re2 0-1

[Event "2nd Yerevan Open"]
[Site "?"]
[Date "2017.09.19"]
[Round "1.10"]
[White "Gabuzyan, Hovhannes"]
[Black "Harutyunyan, Erik"]
[Result "1-0"]
[WhiteElo "2573"]
[BlackElo "2031"]
[PlyCount "27"]
[EventDate "2017.??.??"]
[TimeControl "6000+885"]
[WhiteClock "1:10:28"]
[BlackClock "0:58:43"]

1. Nf3 d5 2. g3 e6 3. Bg2 f5 4. O-O Nf6 5. d3 Be7 6. Nbd2 O-O 7. Qe1 c5 8. e4
Nc6 9. Qe2 Rb8 10. Re1 Re8 11. c3 b5 12. Ng5 e5 13. exd5 Nxd5 14. Bxd5+ 1-0

[Event "2nd Yerevan Open"]
[Site "?"]
[Date "2017.09.19"]
[Round "1.11"]
[White "Barseghyan, Armen Ar"]
[Black "Sandipan, Chanda"]
[Result "1/2-1/2"]
[WhiteElo "2020"]
[BlackElo "2570"]
[PlyCount "70"]
[EventDate "2017.??.??"]
[TimeControl "6000+2325"]
[WhiteClock "0:07:14"]
[BlackClock "0:30:39"]

1. d4 f5 2. c4 Nf6 3. g3 g6 4. Bg2 Bg7 5. Nf3 O-O 6. O-O e6 7. Nc3 d5 8. Bf4 c6
9. c5 b6 10. b4 a5 11. a3 bxc5 12. bxc5 Ba6 13. Bd6 Re8 14. Ne5 Nfd7 15. f4
Nxe5 16. fxe5 Bh6 17. Rf3 Nd7 18. e3 Qc8 19. Bf1 Ra7 20. Qd2 Bxf1 21. Rfxf1 Bf8
22. Bxf8 Rxf8 23. Rab1 Qa8 24. Rb2 Rb8 25. Rfb1 Rab7 26. Na4 Rxb2 27. Rxb2 Rxb2
28. Qxb2 Qa6 29. Kf2 Qd3 30. Nb6 Nf8 31. Nc8 Qa6 32. Nd6 Qd3 33. Qb7 Qd2+ 34.
Kf3 Qd1+ 35. Kf2 Qd2+ 1/2-1/2

[Event "2nd Yerevan Open"]
[Site "?"]
[Date "2017.09.19"]
[Round "1.12"]
[White "Martirosyan, Haik M"]
[Black "Martirosyan, Garik"]
[Result "1-0"]
[WhiteElo "2570"]
[BlackElo "2018"]
[PlyCount "67"]
[EventDate "2017.??.??"]
[TimeControl "6000+1260"]
[WhiteClock "0:38:41"]
[BlackClock "0:04:43"]

1. d4 d5 2. c4 e6 3. Nf3 Nf6 4. g3 Be7 5. Bg2 O-O 6. O-O dxc4 7. Qc2 a6 8. a4
Bd7 9. Qxc4 Bc6 10. Bg5 a5 11. Nc3 Na6 12. Bxf6 Bxf6 13. e4 Nb4 14. Rfd1 Ra6
15. Rac1 Rb6 16. Qe2 Qe8 17. b3 Ra6 18. h4 h5 19. Qe3 Ra8 20. Qf4 Qd8 21. Ne5
Bxe5 22. Qxe5 g6 23. d5 exd5 24. exd5 Re8 25. Qd4 Bd7 26. Ne4 Ra6 27. d6 Rxe4
28. dxc7 Qxc7 29. Bxe4 Bc6 30. Qf6 Ra8 31. Rc5 Re8 32. Bxg6 fxg6 33. Qxg6+ Qg7
34. Rxc6 1-0

[Event "2nd Yerevan Open"]
[Site "?"]
[Date "2017.09.19"]
[Round "1"]
[White "Petrosyan, Manuel"]
[Black "Sayadyan, Eduard"]
[Result "0-1"]
[WhiteElo "2559"]
[BlackElo "2011"]
[PlyCount "74"]
[EventDate "2017.??.??"]

1. d4 Nf6 2. c4 g6 3. Nc3 Bg7 4. e4 d6 5. Nf3 O-O 6. Be2 Na6 7. O-O e5 8. Be3
Ng4 9. Bg5 Qe8 10. dxe5 dxe5 11. h3 h6 12. Bd2 Nf6 13. Be3 Qe7 14. Nd5 Qd8 15.
Nxf6+ Qxf6 16. c5 Nb8 17. Qc1 Kh7 18. Rd1 Nc6 19. Bc4 Qe7 20. Bd5 f5 21. exf5
gxf5 22. Re1 Be6 23. Bg5 Qf7 24. Bxc6 bxc6 25. Bd2 Bd5 26. Nh2 Qg6 27. g4 h5
28. Bc3 fxg4 29. hxg4 hxg4 30. Nf1 Qh5 31. Qc2+ Kg8 32. Re4 Rf4 33. Rae1 Raf8
34. Ng3 Qh3 35. R1e2 Kh8 36. Qd1 Rf3 37. Nf1 Bxe4 0-1

[Event "2nd Yerevan Open"]
[Site "?"]
[Date "2017.09.19"]
[Round "1"]
[White "Hoghmrtsyan, Artur"]
[Black "Grigoryan, Karen"]
[Result "0-1"]
[WhiteElo "2012"]
[BlackElo "2568"]
[PlyCount "74"]
[EventDate "2017.??.??"]

1. d4 Nf6 2. c4 e6 3. g3 c5 4. d5 exd5 5. cxd5 d6 6. Nc3 g6 7. Bg2 Bg7 8. Nf3
O-O 9. O-O Nbd7 10. Nd2 Re8 11. h3 a6 12. a4 Rb8 13. Nc4 Ne5 14. Na3 Nh5 15. e4
Bd7 16. a5 b5 17. axb6 Bb5 18. Naxb5 axb5 19. Nxb5 Qxb6 20. Na3 Qb3 21. Qxb3
Rxb3 22. g4 Nf6 23. Rd1 h6 24. Bd2 g5 25. Bc3 Nfd7 26. Nc2 Nc4 27. Bxg7 Kxg7
28. Bf1 Nde5 29. Ra2 Reb8 30. Rc1 Nf3+ 31. Kh1 Ncd2 32. Ne1 Nxe4 33. Nxf3 Rxf3
34. Bg2 Nxf2+ 35. Kg1 Rf4 36. Ra6 Rxb2 37. Rxd6 Nxg4 0-1

[Event "2nd Yerevan Open"]
[Site "?"]
[Date "2017.09.19"]
[Round "1"]
[White "Manukyan, Aleks"]
[Black "Korneev, Oleg"]
[Result "0-1"]
[WhiteElo "2003"]
[BlackElo "2550"]
[PlyCount "136"]
[EventDate "2017.??.??"]

1. d4 d5 2. c4 c6 3. Nf3 Nf6 4. e3 Bg4 5. Qb3 Qb6 6. Ne5 Be6 7. c5 Qc7 8. Qc2
Nbd7 9. Nf3 Bg4 10. Be2 e5 11. h3 Bxf3 12. Bxf3 g6 13. Nc3 Bg7 14. Be2 O-O 15.
O-O Rfe8 16. a3 Ne4 17. Rd1 Ndf6 18. Bf1 h5 19. Ne2 h4 20. b4 exd4 21. Nxd4 Nh7
22. Bb2 Nhg5 23. Rd3 a6 24. Re1 Re7 25. Be2 Nxf2 26. Kxf2 Qh2 27. Bf1 Nxh3+ 28.
Ke2 Nf4+ 29. Kd1 Nxd3 30. Qxd3 Qg3 31. Bc3 Rae8 32. Bd2 Re4 33. Nc2 Kh7 34. Qe2
d4 35. Qf3 dxe3 36. Qxg3 hxg3 37. Rxe3 Rxe3 38. Bxe3 f5 39. Bf4 Be5 40. Bxe5
Rxe5 41. Bd3 f4 42. Be2 g5 43. Bf3 Kg6 44. Kd2 Kf5 45. Nd4+ Kf6 46. Nc2 Re8 47.
a4 Rg8 48. Bg4 Ke5 49. Kc3 Rh8 50. Nd4 Rh1 51. Nf3+ Kf6 52. Kd3 Rb1 53. Kc3 Rf1
54. Kd3 Rf2 55. Ne1 Ra2 56. Nc2 Rb2 57. a5 Rb3+ 58. Ke2 Rc3 59. Ne1 Rc4 60. Nd3
Rc2+ 61. Kf3 Rd2 62. Ne1 Rf2+ 63. Ke4 Rb2 64. Kf3 Rxb4 65. Nd3 Ra4 66. Bc8 Ra3
67. Ke2 f3+ 68. gxf3 Rxd3 0-1

[Event "2nd Yerevan Open"]
[Site "?"]
[Date "2017.09.19"]
[Round "1"]
[White "Tabatabaei 	, M.Amin	"]
[Black "Nazemi, Pedram"]
[Result "1-0"]
[WhiteElo "2548"]
[BlackElo "1978"]
[PlyCount "113"]
[EventDate "2017.??.??"]

1. d4 Nf6 2. Nf3 d5 3. e3 g6 4. c4 Bg7 5. cxd5 O-O 6. Be2 Nxd5 7. e4 Nb6 8. O-O
Nc6 9. Be3 Bg4 10. Nbd2 e5 11. d5 Nd4 12. h3 Nxf3+ 13. Nxf3 Bd7 14. Qb3 Nc8 15.
Qxb7 Nd6 16. Qb3 f5 17. Nd2 Qh4 18. Rac1 f4 19. Bc5 Rab8 20. Qa3 f3 21. Bxf3
Bxh3 22. gxh3 Qg5+ 23. Bg2 Qxd2 24. Be3 Qxb2 25. Qxb2 Rxb2 26. Rxc7 Rxa2 27.
Rxa7 Rxa7 28. Bxa7 Rc8 29. Rb1 Kf8 30. Rb6 Ke7 31. Bb8 Rd8 32. h4 Nc4 33. Rb7+
Kf8 34. Bh3 Nd6 35. Bxd6+ Rxd6 36. Be6 Bh6 37. Rxh7 Bf4 38. Rf7+ Ke8 39. Rf6
Ke7 40. Rxg6 Rd8 41. Kg2 Bd2 42. Bf5 Bc1 43. h5 Rd6 44. Rxd6 Kxd6 45. Kh3 Ke7
46. Kg4 Bd2 47. Bc8 Kf6 48. d6 Bb4 49. d7 Ba5 50. Ba6 Bc7 51. Bc4 Bd8 52. Bg8
Kg7 53. Kf5 Kxg8 54. Kg6 Be7 55. h6 Bd8 56. h7+ Kh8 57. Kf7 1-0

[Event "2nd Yerevan Open"]
[Site "?"]
[Date "2017.09.19"]
[Round "1"]
[White "Avetisyan, Mariam"]
[Black "Moskalenko, Alexander"]
[Result "1/2-1/2"]
[WhiteElo "1976"]
[BlackElo "2531"]
[PlyCount "64"]
[EventDate "2017.??.??"]

1. d4 d5 2. Nf3 Nf6 3. g3 e6 4. Bg2 b5 5. b3 Bb7 6. c4 dxc4 7. bxc4 bxc4 8.
Qa4+ Nbd7 9. O-O Bd6 10. Nc3 O-O 11. Qxc4 Nb6 12. Qd3 c5 13. Rd1 c4 14. Qc2 Bb4
15. Ne5 Bxg2 16. Kxg2 Rc8 17. Rb1 Qe7 18. Nb5 Rfd8 19. Nxa7 Qxa7 20. Rxb4 Nfd5
21. Rb1 f6 22. Nf3 Qa4 23. Rd2 c3 24. Qxa4 Nxa4 25. Rc2 Rb8 26. Rxb8 Rxb8 27.
Ba3 Rb1 28. Rc1 Rb5 29. Ne1 Ndb6 30. Nd3 f5 31. Bb4 Nd5 32. a3 Nxb4 1/2-1/2

[Event "2nd Yerevan Open"]
[Site "?"]
[Date "2017.09.19"]
[Round "1"]
[White "Harutyunian, Tigran.K"]
[Black "Mesropian, Khachatur"]
[Result "1-0"]
[WhiteElo "2520"]
[BlackElo "1974"]
[PlyCount "93"]
[EventDate "2017.??.??"]

1. c4 Nf6 2. Nc3 d5 3. cxd5 Nxd5 4. g3 g6 5. Bg2 Nxc3 6. bxc3 Bg7 7. Rb1 Nd7 8.
h4 h5 9. Nf3 O-O 10. Ng5 c5 11. Qa4 Qc7 12. O-O a6 13. c4 Rb8 14. d3 b6 15. Bf4
e5 16. Bd2 Bb7 17. Bxb7 Qxb7 18. Rb3 b5 19. Qa5 Bf6 20. cxb5 axb5 21. Ne4 Be7
22. Bg5 f6 23. Bh6 Rfc8 24. Qd2 Qd5 25. Rc1 b4 26. Be3 f5 27. Ng5 Nf6 28. f3 e4
29. Qb2 exf3 30. exf3 Ne8 31. Qf2 c4 32. dxc4 Rxc4 33. Re1 Rc3 34. Rb2 Bf6 35.
Rd2 Rd3 36. Red1 Rxd2 37. Rxd2 Qc6 38. Bd4 Rd8 39. Kg2 Qc1 40. Qe2 Qc6 41. Bxf6
Rxd2 42. Qxd2 Nxf6 43. Qxb4 Qc2+ 44. Kh3 Qxa2 45. Qb8+ Kg7 46. Qc7+ Kf8 47.
Qd6+ 1-0

[Event "2nd Yerevan Open"]
[Site "?"]
[Date "2017.09.19"]
[Round "1"]
[White "Davtyan, Arsen"]
[Black "Kislinsky, Alexey"]
[Result "0-1"]
[WhiteElo "1969"]
[BlackElo "2505"]
[PlyCount "60"]
[EventDate "2017.??.??"]

1. d4 g6 2. c4 Bg7 3. Nc3 c5 4. Nf3 cxd4 5. Nxd4 Nc6 6. e3 Nh6 7. Bd3 d6 8. O-O
O-O 9. Nxc6 bxc6 10. e4 Rb8 11. f3 f5 12. Bxh6 Bxh6 13. exf5 Bxf5 14. Bxf5 gxf5
15. b3 Be3+ 16. Kh1 f4 17. Qd3 Rf6 18. Rae1 e5 19. Nd1 Bd4 20. Nf2 Rg6 21. Ng4
Qg5 22. g3 fxg3 23. hxg3 Rf8 24. Kg2 h5 25. Re4 d5 26. cxd5 cxd5 27. Rxd4 exd4
28. Qxd4 hxg4 29. f4 Qf5 30. Re1 Re6 0-1

[Event "2nd Yerevan Open"]
[Site "?"]
[Date "2017.09.19"]
[Round "1"]
[White "Gabrielian, Artur"]
[Black "Rezanezhad, Hassan"]
[Result "1-0"]
[WhiteElo "2501"]
[BlackElo "1959"]
[PlyCount "99"]
[EventDate "2017.??.??"]

1. e4 d6 2. d4 Nf6 3. Nc3 e5 4. Nf3 Nbd7 5. Bc4 Be7 6. O-O O-O 7. Re1 c6 8. a4
a5 9. Ba2 Ne8 10. Be3 Nc7 11. Qe2 Bf6 12. Rad1 Qe7 13. d5 c5 14. Bc4 b6 15. Nb5
Nb8 16. Nd2 Ne8 17. Bd3 g6 18. Nc4 Nd7 19. Qd2 Ba6 20. Nc3 Bxc4 21. Bxc4 Bg7
22. Be2 Nc7 23. f3 f5 24. Nb1 f4 25. Bf2 g5 26. Na3 h5 27. Nc4 Rf6 28. Ra1 Rg6
29. Qd1 Ne8 30. c3 Nef6 31. b4 Bf8 32. bxc5 bxc5 33. Rb1 g4 34. Bh4 Qg7 35. Rb7
Qh6 36. Qb3 Rg7 37. Qb5 Be7 38. Qc6 Rf8 39. Nxd6 Nxe4 40. Nf5 Rxf5 41. Qxh6
Bxh4 42. Qe6+ Rff7 43. Rxd7 Nxc3 44. Bd3 e4 45. Bxe4 Nxe4 46. Rxe4 gxf3 47.
Rxf7 Rxg2+ 48. Kh1 Rg1+ 49. Kxg1 f2+ 50. Kf1 1-0

[Event "2nd Yerevan Open"]
[Site "?"]
[Date "2017.09.19"]
[Round "1"]
[White "Khachatrian, Hayk"]
[Black "Kotanjian, Tigran"]
[Result "0-1"]
[WhiteElo "1957"]
[BlackElo "2496"]
[PlyCount "72"]
[EventDate "2017.??.??"]

1. e4 c5 2. c3 Nf6 3. e5 Nd5 4. d4 cxd4 5. cxd4 d6 6. Nf3 Nc6 7. Bc4 Nb6 8. Bb5
dxe5 9. Nxe5 Bd7 10. Bxc6 Bxc6 11. Nxc6 bxc6 12. Qf3 Qd5 13. Nd2 e6 14. O-O Be7
15. Ne4 f5 16. Ng5 Bxg5 17. Qxd5 Nxd5 18. Bxg5 Kd7 19. Bd2 Rhb8 20. Rab1 a5 21.
b3 Rb5 22. Rfc1 Nb4 23. a3 Nd5 24. Rc5 Rxc5 25. dxc5 e5 26. Kf1 e4 27. g3 Ke6
28. Ke2 g5 29. f3 e3 30. Be1 f4 31. Kd3 g4 32. Ke4 Rf8 33. Bxa5 fxg3 34. fxg4
g2 35. Rg1 Rf4+ 36. Kd3 Rf1 0-1

[Event "2nd Yerevan Open"]
[Site "?"]
[Date "2017.09.19"]
[Round "1"]
[White "Minasian, Artashes"]
[Black "Marzoughi, Mohammadsadegh"]
[Result "1-0"]
[WhiteElo "2492"]
[BlackElo "1954"]
[PlyCount "71"]
[EventDate "2017.??.??"]

1. e4 e6 2. Qe2 c5 3. g3 Nc6 4. Bg2 g6 5. c3 Bg7 6. Na3 Nge7 7. h4 h5 8. d3 d6
9. Nh3 Rb8 10. Nc2 b5 11. O-O O-O 12. Be3 Qb6 13. Qd2 b4 14. Bh6 Ba6 15. Bxg7
Kxg7 16. c4 d5 17. exd5 exd5 18. cxd5 Ne5 19. Rfe1 Qd6 20. Qe3 f6 21. Nf4 Nf5
22. Qxc5 Qxc5 23. Ne6+ Kf7 24. Nxc5 Rbc8 25. d4 Nxd4 26. Nxd4 Rxc5 27. Ne6 Rc2
28. Nxf8 Kxf8 29. b3 Bb5 30. Rac1 Rxa2 31. Rc8+ Kf7 32. d6 Rd2 33. f4 Rxg2+ 34.
Kxg2 Bc6+ 35. Rxc6 Nxc6 36. d7 1-0

[Event "2nd Yerevan Open"]
[Site "?"]
[Date "2017.09.20"]
[Round "1"]
[White "Hakobyan, Romik"]
[Black "Mikayelian, Arman"]
[Result "0-1"]
[WhiteElo "1927"]
[BlackElo "2474"]
[PlyCount "70"]
[EventDate "2017.??.??"]

1. d4 Nf6 2. Nf3 c5 3. c4 g6 4. g3 Qa5+ 5. Qd2 Qxd2+ 6. Bxd2 Ne4 7. Be3 Bg7 8.
Na3 Nc6 9. Nc2 Nd6 10. b3 Nf5 11. Rd1 Nxe3 12. fxe3 d6 13. Bg2 O-O 14. Kf2 Bf5
15. Rc1 a5 16. Rhd1 a4 17. Nfe1 axb3 18. axb3 Rfb8 19. Bf3 h5 20. dxc5 dxc5 21.
Nd3 Ra5 22. Bd5 Ne5 23. Bf3 Ra2 24. Nxe5 Bxe5 25. e4 Be6 26. Kf1 Rb2 27. Ne3
Rxb3 28. Nd5 Bh3+ 29. Kf2 Kf8 30. Rb1 Ra3 31. Rd3 Rxd3 32. exd3 Ra8 33. Kg1 Ra2
34. Kh1 Rf2 35. Bd1 Rf1# 0-1

[Event "2nd Yerevan Open"]
[Site "?"]
[Date "2017.09.20"]
[Round "1"]
[White "Hayrapetian, Hovik"]
[Black "Khachatrian, David"]
[Result "1-0"]
[WhiteElo "2472"]
[BlackElo "1916"]
[PlyCount "83"]
[EventDate "2017.??.??"]

1. Nf3 Nf6 2. c4 g6 3. Nc3 Bg7 4. g3 O-O 5. Bg2 c6 6. O-O d5 7. cxd5 cxd5 8. d4
Ne4 9. Ng5 Nxc3 10. bxc3 Nc6 11. e4 dxe4 12. Nxe4 Be6 13. Nc5 Bc4 14. Re1 Qc7
15. Bf4 e5 16. dxe5 Rad8 17. Qc2 Qe7 18. Nb3 Nxe5 19. Bxe5 Bxe5 20. Qe4 Bxb3
21. axb3 f6 22. Rxa7 Rd7 23. b4 Re8 24. Rxb7 Rxb7 25. Qxb7 Qxb7 26. Bxb7 Rd8
27. c4 Rd2 28. c5 Bd4 29. Re4 Bxf2+ 30. Kf1 Rc2 31. Re2 Rxe2 32. Kxe2 Bg1 33.
c6 Bb6 34. Kd3 Kf7 35. Kc4 Ke6 36. Kb5 Bc7 37. Kc5 Ke7 38. b5 Kd8 39. b6 Be5
40. Ba6 f5 41. Kd5 Bb8 42. Ke6 1-0

[Event "2nd Yerevan Open"]
[Site "?"]
[Date "2017.09.20"]
[Round "1"]
[White "Nalbandian, Vahan"]
[Black "Hakobian, Aram"]
[Result "0-1"]
[WhiteElo "1910"]
[BlackElo "2472"]
[PlyCount "74"]
[EventDate "2017.??.??"]

1. Nf3 c5 2. g3 b5 3. Bg2 Bb7 4. O-O e6 5. d4 Nf6 6. dxc5 Bxc5 7. b3 O-O 8. Bb2
d5 9. Nbd2 Nbd7 10. Ne5 Nxe5 11. Bxe5 Ng4 12. Bb2 f5 13. e3 Qb6 14. Nf3 b4 15.
h3 Nf6 16. Ne5 Rad8 17. Nd3 Bd6 18. Bd4 Qc7 19. f4 Ba6 20. Re1 Ne4 21. h4 Nxg3
22. Kh2 Ne4 23. Rg1 Bxd3 24. cxd3 Nf2 25. Qd2 Ng4+ 26. Kg3 e5 27. Bxd5+ Kh8 28.
Bb2 Nxe3 29. Rac1 Qe7 30. Bf3 exf4+ 31. Kh3 Be5 32. d4 Bf6 33. Rc6 Bxh4 34. d5
Bg3 35. Rxg3 fxg3 36. d6 Qg5 37. d7 g2 0-1

[Event "2nd Yerevan Open"]
[Site "?"]
[Date "2017.09.20"]
[Round "1"]
[White "Babujian, Levon"]
[Black "Khachikian, Hayk"]
[Result "1-0"]
[WhiteElo "2458"]
[BlackElo "1896"]
[PlyCount "69"]
[EventDate "2017.??.??"]

1. d4 Nf6 2. c4 c5 3. d5 e6 4. Nc3 exd5 5. cxd5 d6 6. e4 g6 7. f4 Bg7 8. Bb5+
Nfd7 9. Nf3 a6 10. Bd3 b5 11. O-O O-O 12. Kh1 Re8 13. Bc2 b4 14. Ne2 Nb6 15. f5
N8d7 16. Bg5 Bf6 17. Qd2 Ra7 18. Rae1 Ne5 19. Bxf6 Qxf6 20. Nxe5 Rxe5 21. fxg6
Qxg6 22. Nf4 Qh6 23. Qf2 Rae7 24. Re3 Nc4 25. Rg3+ Rg5 26. Ne6 Rxg3 27. Qxg3+
Kh8 28. Nd8 Ne5 29. Nc6 Nxc6 30. dxc6 Qg6 31. Qh4 Qe6 32. e5 f5 33. exf6 Rf7
34. Re1 Qxf6 35. Re8+ 1-0

[Event "2nd Yerevan Open"]
[Site "?"]
[Date "2017.09.20"]
[Round "1"]
[White "Machkalian, Hayk"]
[Black "Nalbandian, Tigran"]
[Result "0-1"]
[WhiteElo "1890"]
[BlackElo "2455"]
[PlyCount "108"]
[EventDate "2017.??.??"]

1. Nf3 Nf6 2. g3 d5 3. Bg2 c6 4. d4 Bf5 5. c4 e6 6. Nc3 Nbd7 7. Qb3 Qb6 8. c5
Qc7 9. Bf4 Qc8 10. Nh4 Bg4 11. O-O Be7 12. f3 Bh5 13. e4 O-O 14. Rae1 Bg6 15.
Nxg6 hxg6 16. Bd6 Re8 17. e5 Nh7 18. Ne2 b6 19. Qc3 Qa6 20. Nf4 bxc5 21. dxc5
Rab8 22. Rf2 Bxd6 23. cxd6 Qxa2 24. Qxc6 Nhf8 25. Qc3 Rec8 26. Qd2 Nc5 27. Bh3
Nfd7 28. Ree2 a5 29. Qd1 Qb3 30. Qe1 Nd3 31. Nxd3 Qxd3 32. Qxa5 Qd4 33. f4 g5
34. Qd2 Qxd2 35. Rxd2 Rb4 36. f5 g4 37. fxe6 fxe6 38. Bxg4 Rxg4 39. Kg2 Nxe5
40. Rde2 Re4 41. b4 Nc4 42. Ra2 Nxd6 43. Ra6 Rd8 44. Rb2 Nc4 45. Rb1 Ne3+ 46.
Kg1 d4 47. Kf2 d3 48. Kf3 Re5 49. Kf4 Nc4 50. b5 d2 51. b6 d1=Q 52. Rxd1 Rf5+
53. Ke4 Rxd1 54. b7 Rf8 0-1